• 首页
  • 本馆介绍
  • 公告通知
  • 最新文献
  • 馆藏检索
  • 电子资源
  • 读者导购
  • 参考咨询
  • 我的图书馆
  • 登录
  • 详细信息显示
  • 放入我的书架
  • 预约/预借图书
  • 作者相关作品
  • 分类相关作品
  • 丛书相关作品
  • 出版社相关作品

书目信息

  • 表格格式
  • 工作单格式
  • 卡片格式
书名: Civil rights and liberties
作者: John C. Domino
分册号:
分册名:
出版地: New York :
 
出版社: HarperCollins College Publishers
出版时间: c1994.
页数: 318 p. ;
开本: 24 cm.
丛书名:
中图分类号:
科图分类号:
其他分类号: D971.23
主题词:
电子资源:
000 00946nam 2200301 a 4500
001 E0733815828
003 DLC
005 20070421092714.50
008 930618s1994 nyu 001 0 eng
008 uu
010    @a93028161
020    @a0065006127 :@c$35.95.
040    @aDLC @cDLC
043    @an-us---
049    @aN5LA
050 00 @aKF4748 @b.D58 1994
082 00 @a342.73/085 @a347.30285 @220
090    @aD971.23
099    @dD971.23@ex63
100 1  @aDomino, John C.
245 10 @aCivil rights and liberties :@btoward the twenty-first century / @cJohn C. Domino
260    @aNew York :@bHarperCollins College Publishers,@cc1994.
263    @a9309
300    @a318 p. ;@c24 cm.
500    @aIncludes index.
650  0 @aCivil rights @zUnited States @xCases. @b00 @c20020930 @lNLC09 @h2252 @lNLC09 @h0004 @lNLC09 @h1956
650  0 @aCivil rights @zUnited States.
852 9  @bWWJC @cJ09 @k2-95 @hD971.23 @iD67
    
    Civil rights and liberties : : toward the twenty-first century / / John C. Domino.-New York : : HarperCollins College Publishers, , c1994.
    318 p. ; ; 24 cm.
    Includes index.
    
    ISBN 0065006127 :$35.95.
    
●
相关链接 在E读中查询图书 在五车中查询图书 在当当中查询图书 在豆瓣中查询图书


正题名:Civil rights and liberties     索取号:D971.23/x63         预约/预借

序号 登录号 条形码 馆藏地/架位号 状态 备注
1 4383   300043833   第二样本阅览室/ [索取号:D971.23/x63] 在馆    
2 4384   300043842   第四借阅区/ [索取号:D971.23/x63] 在馆    
唐山师范学院图书馆 欢迎您!
大连网信软件有限公司© 版权所有